000 00569nam a22002057a 4500
003 OSt
005 20140310183015.0
008 130212t xxu||||| |||| 00| 0 eng d
020 _a9715420524
050 _aLC6581
_b.F661 1995
082 _aLC6581
_b.F661 1995
100 _aFlor, Alexander G.
245 _aBroadcast-based distance learning systems /
_cAlexander G. Flor.
260 _aQuezon City
_bUniversity of the Philippines Press
_c1995
300 _axvii, 193 p. :
_c23 cm.
521 _aMC
562 _e1
942 _2lcc
_cBK
_kLOC
999 _c18291
_d18291